00641 2200193 4500001002100000005001500021035002000036245019800056100001000254250001000264300002600274006001800300008003900318260004600357082000700403084001300410600001000423990001400433INLIS00000000001004520260604104502 a0010-06260000111 aPENGARUH KEPEMIMPINAN KEPALA SEKOLAH, LINGKNGAN KERJA DAN MOTIVASI KERJA TERHADAP KINERJA GURU DI SEKOLAH DASAR NEGERI (SDN) MUARA JOLOI I-1 KECAMATAN SERIBU RIAM KABUPATEN MURUNG RAYA /cIDRIS0 aIDRIS aCet 1 axvi, 100 hlm :bIlus.a 260604 | | |  aPalangka Raya :bPerpustakaan UMPR,c2025 a81 a81 IDR p 4aTESIS a238121896